[Event "Barcelona La Lira op"]
[Site "Barcelona"]
[Date "1995.??.??"]
[Round "8"]
[White "Gonzalez Rodriguez, Jose Antonio"]
[Black "Ramos Vizuete, Miguel"]
[Result "1/2-1/2"]
[WhiteElo "2070"]
[BlackElo "2000"]
[PlyCount "37"]
[EventDate "1995.04.??"]
[EventType "swiss"]
[EventRounds "9"]
[EventCountry "ESP"]
[SourceTitle "EXT 2003"]
[Source "ChessBase"]
[SourceDate "2002.11.25"]
[SourceVersion "1"]
[SourceVersionDate "2002.11.25"]
[SourceQuality "1"]

1. d4 Nf6 2. c4 e6 3. Nf3 b6 4. Bg5 c5 5. d5 h6 6. Bh4 exd5 7. cxd5 d6 8. Nc3 Ba6 9. Bxf6 Qxf6 10. Qa4+ b5 11. Nxb5 Bxb5 12. Qxb5+ Nd7 13. Qc6 Rb8 14. Rb1 Rxb2 15. Rxb2 Qxb2 16. e3 Qb1+ 17. Kd2 Qxa2+ 18. Kd1 Qb3+ 19. Ke1 1/2-1/2